All The Smiths Songs - Statistics

General Stats
  • This quiz has been taken 234 times
  • The average score is 39 of 67
Answer Stats
Album Song % Correct
The Smiths This Charming Man
91%
Meat Is Murder Meat Is Murder
88%
The Queen Is Dead The Queen Is Dead
88%
The Queen Is Dead There Is a Light That Never Goes Out
88%
The Queen Is Dead Some Girls Are Bigger Than Others
81%
The Queen Is Dead Frankly, Mr. Shankly
77%
Hatful of Hollow Heaven Knows I'm Miserable Now
77%
The Queen Is Dead Bigmouth Strikes Again
76%
Hatful of Hollow How Soon Is Now?
76%
The World Won't Listen Ask
74%
The Queen Is Dead Cemetry Gates
74%
The Smiths Hand in Glove
74%
The Smiths Reel Around the Fountain
74%
The Smiths Still Ill
73%
The World Won't Listen Panic
72%
The Queen Is Dead Vicar in a Tutu
72%
Hatful of Hollow William, It Was Really Nothing
72%
Meat Is Murder The Headmaster Ritual
70%
The Queen Is Dead I Know It's Over
69%
The Smiths What Difference Does It Make?
69%
Hatful of Hollow Please, Please, Please Let Me Get What I Want
67%
Strangeways, Here We Come Girlfriend in a Coma
66%
The Smiths Pretty Girls Make Graves
66%
Meat Is Murder Barbarism Begins at Home
64%
The World Won't Listen Shoplifters of the World Unite
64%
The World Won't Listen Asleep
63%
Hatful of Hollow Back to the Old House
61%
Meat Is Murder That Joke Isn't Funny Anymore
60%
The Smiths Suffer Little Children
59%
Strangeways, Here We Come Last Night I Dreamt That Somebody Loved Me
58%
The Queen Is Dead Never Had No One Ever
57%
Meat Is Murder I Want the One I Can't Have
56%
Meat Is Murder Nowhere Fast
56%
Meat Is Murder Rusholme Ruffians
56%
Strangeways, Here We Come A Rush and a Push and the Land Is Ours
55%
The World Won't Listen London
55%
Meat Is Murder Well I Wonder
55%
Hatful of Hollow Girl Afraid
53%
Louder Than Bombs Sheila Take a Bow
53%
Strangeways, Here We Come Death of a Disco Dancer
52%
Hatful of Hollow Handsome Devil
52%
The World Won't Listen Half a Person
51%
The Smiths Miserable Lie
51%
The World Won't Listen Rubber Ring
51%
The Smiths You've Got Everything Now
51%
The World Won't Listen Shakespeare's Sister
50%
The Smiths The Hand That Rocks the Cradle
50%
Strangeways, Here We Come Unhappy Birthday
50%
The Queen Is Dead The Boy with a Thorn in His Side
49%
The Smiths I Don't Owe You Anything
47%
Strangeways, Here We Come I Won't Share You
46%
The World Won't Listen Golden Lights
45%
Strangeways, Here We Come I Started Something I Couldn't Finish
45%
Strangeways, Here We Come Stop Me If You Think You've Heard This One Before
45%
Louder Than Bombs Sweet and Tender Hooligan
45%
The World Won't Listen Unloveable
45%
Meat Is Murder What She Said
45%
The World Won't Listen Oscillate Wildly
43%
Hatful of Hollow These Things Take Time
43%
Strangeways, Here We Come Paint a Vulgar Picture
42%
Hatful of Hollow Accept Yourself
40%
Louder Than Bombs Is It Really So Strange?
40%
Strangeways, Here We Come Death at One's Elbow
38%
The World Won't Listen You Just Haven't Earned It Yet, Baby
37%
The World Won't Listen Stretch Out and Wait
34%
The World Won't Listen Money Changes Everything
27%
Hatful of Hollow The Night Has Opened My Eyes
25%
No matching quizzes found
Score Distribution
Percent of People with Each Score
Percentile by Number Answered
Your Score History
You have not taken this quiz